Brazilian NBA Players - Statistics

General Stats
  • This quiz has been taken 126 times
  • The average score is 4 of 9
Answer Stats
Team Player % Correct
Wizards Nenê
73%
Warriors Leandro Barbosa
72%
Warriors Anderson Varejão
63%
Raptors Bruno Caboclo
35%
Lakers Marcelo Huertas
33%
Hawks Tiago Splitter
32%
Jazz Raul Neto
31%
Bulls Cristiano Felício
28%
Raptors Lucas Nogueira
21%
No matching quizzes found
Score Distribution
Percent of People with Each Score
Percentile by Number Answered
Your Score History
You have not taken this quiz